01988cam a2200397 a 4500952013800000999001700138001000900155003000400164005001700168008004100185010001700226020001800243020001500261025002700276037005300303040001900356042001500375043001200390050002300402082002000425245008200445260004900527300001300576520034900589650004600938650005400984650003801038650004201076710002801118710006401146856010601210856009101316856009201407906004501499942004601544 00102ddc40708PRODUCTIONaMESbMEScECO d2019-02-20g775.00l0o338.1854 BAN/Ap36034r2019-02-20 00:00:00w2019-02-20yBKzGL7R3 c11118d1111816435531OSt20191226145518.0100827s2010 ii a bs 100 0 eng  a 2010327434 a9780198064664 a0198064667 aI-E-2010-327434; 85-92 bLibrary of Congress -- New Delhi Overseas Office aDLCcoclcdDLC alcodeapcc aa-ii---00aHD2073b.A388 2010 a338.1854bBAN/A00aAgriculture, Food security, and Rural Development /c Asian Development Bank. aNew Delhi :bOxford University Press,c2010. a345 p. : aContributed articles presented at the inception meeting of Economic Division in the Department of Economic Affairs, Ministry of Finance in collaboration with Asian Development Bank in New Delhi on 2-3 September 2003 on agricultural policy programmes in India supported by ADB furthered through various decentralized institutions all over India. 0aAgriculture and statezIndiavCongresses. 0aAgriculturexEconomic aspectszIndiavCongresses. 0aFood securityzIndiavCongresses. 0aRural developmentzIndiavCongresses.2 aAsian Development Bank.1 aIndia.bDepartment of Economic Affairs.bEconomic Division.423Contributor biographical informationuhttp://www.loc.gov/catdir/enhancements/fy1102/2010327434-b.html423Publisher descriptionuhttp://www.loc.gov/catdir/enhancements/fy1102/2010327434-d.html413Table of contents onlyuhttp://www.loc.gov/catdir/enhancements/fy1102/2010327434-t.html a7bcbccorigoded3encipf20gy-gencatlg 2ddccBKh338.1854iBAN/Ak338.1854mBAN/A